Consumer-brand relationships (Record no. 12694)
[ view plain ]
| 000 -LEADER | |
|---|---|
| fixed length control field | 02728nam a2200361Ia 4500 |
| 001 - CONTROL NUMBER | |
| control field | 9780203128794 |
| 003 - CONTROL NUMBER IDENTIFIER | |
| control field | BD-DhSAU |
| 005 - DATE AND TIME OF LATEST TRANSACTION | |
| control field | 20151012151720.0 |
| 006 - FIXED-LENGTH DATA ELEMENTS--ADDITIONAL MATERIAL CHARACTERISTICS | |
| fixed length control field | a|||||s||||||||||| |
| 007 - PHYSICAL DESCRIPTION FIXED FIELD--GENERAL INFORMATION | |
| fixed length control field | cr|||| |
| 008 - FIXED-LENGTH DATA ELEMENTS--GENERAL INFORMATION | |
| fixed length control field | 120327s2012 enka sb 001 0 eng d |
| 020 ## - INTERNATIONAL STANDARD BOOK NUMBER | |
| International Standard Book Number | 9780203128794 (e-book : PDF) |
| 040 ## - CATALOGING SOURCE | |
| Original cataloging agency | BD-DhSAU |
| Transcribing agency | BD-DhSAU |
| 090 ## - LOCALLY ASSIGNED LC-TYPE CALL NUMBER (OCLC); LOCAL CALL NUMBER (OCLC) | |
| Classification number (OCLC) (R) ; Classification number, CALL (RLIN) (NR) | HF5415.5 |
| Local cutter number (OCLC) ; Book number/undivided call number, CALL (RLIN) | .C662 2012 |
| 092 ## - LOCALLY ASSIGNED DEWEY CALL NUMBER (OCLC) | |
| Classification number | 658.8343 |
| Item number | C758 |
| 245 00 - TITLE STATEMENT | |
| Title | Consumer-brand relationships |
| Medium | [electronic resource] : |
| Remainder of title | theory and practice / |
| Statement of responsibility, etc. | edited by Susan Fournier, Michael Breazeale, and Marc Fetscherin. |
| 260 ## - PUBLICATION, DISTRIBUTION, ETC. (IMPRINT) | |
| Place of publication, distribution, etc. | Abingdon, Oxon ; |
| -- | New York : |
| Name of publisher, distributor, etc. | Routledge, |
| Date of publication, distribution, etc. | 2012. |
| 300 ## - PHYSICAL DESCRIPTION | |
| Extent | xxvi, 424 p. : |
| Other physical details | ill. |
| 504 ## - BIBLIOGRAPHY, ETC. NOTE | |
| Bibliography, etc | Includes bibliographical references and indexes. |
| 505 0# - FORMATTED CONTENTS NOTE | |
| Formatted contents note | pt. 1. The "what" of brand relationships : exploring relationship varieties and types -- pt. 2. Understanding consumer-brand relationship bonds : brand love and other strength indicators -- pt. 3. How goals and identity drive consumers' relationships with their brands -- pt. 4. Managerial applications of consumer-brand relationship ideas. |
| 520 ## - SUMMARY, ETC. | |
| Summary, etc. | "The creation and management of customer relationships is fundamental to the practice of marketing. Marketers have long maintained a keen interest in relationships: what they are, why they are formed, what effects they have on consumers and the marketplace, how they can be measured and when and how they evolve and decline. While marketing research has a long tradition in the study of business relationships between manufacturers and suppliers and buyers and sellers, attention in the past decade has expanded to the relationships that form between consumers and their brands (such as products, stores, celebrities, companies or countries). The aim of this book is to advance knowledge about consumer-brand relationships by disseminating new research that pushes beyond theory, to applications and practical implications of brand relationships that businesses can apply to their own marketing strategies. With contributions from an impressive array of scholars from around the world, this volume will provide students and researchers with a useful launch pad for further research in this blossoming area"-- |
| Assigning source | Provided by publisher. |
| 530 ## - ADDITIONAL PHYSICAL FORM AVAILABLE NOTE | |
| Additional physical form available note | Also available in print edition. |
| 538 ## - SYSTEM DETAILS NOTE | |
| System details note | Mode of access: World Wide Web. |
| 650 #0 - SUBJECT ADDED ENTRY--TOPICAL TERM | |
| Topical term or geographic name as entry element | Customer relations. |
| 650 #0 - SUBJECT ADDED ENTRY--TOPICAL TERM | |
| Topical term or geographic name as entry element | Branding (Marketing) |
| 650 #0 - SUBJECT ADDED ENTRY--TOPICAL TERM | |
| Topical term or geographic name as entry element | Relationship marketing |
| General subdivision | Research. |
| 655 #7 - INDEX TERM--GENRE/FORM | |
| Genre/form data or focus term | Electronic books. |
| Source of term | lcsh |
| 700 1# - ADDED ENTRY--PERSONAL NAME | |
| Personal name | Fournier, Susan. |
| 700 1# - ADDED ENTRY--PERSONAL NAME | |
| Personal name | Breazeale, Michael, |
| Dates associated with a name | 1964- |
| 700 1# - ADDED ENTRY--PERSONAL NAME | |
| Personal name | Fetscherin, Marc. |
| 776 1# - ADDITIONAL PHYSICAL FORM ENTRY | |
| International Standard Book Number | 9780415783033 (hardback) |
| -- | 9780415783132 (pbk) |
| 856 40 - ELECTRONIC LOCATION AND ACCESS | |
| Uniform Resource Identifier | <a href="http://www.tandfebooks.com/isbn/9780203128794">http://www.tandfebooks.com/isbn/9780203128794</a> |
No items available.
